Sports Quiz

Random Sports or NCAA Quiz

Top NCAA Nicknames Quiz Stats

 Plays Quiz Updated Jul 6, 2017

Support Sporcle.
Go Orange.
Score 0/16 Timer 03:00
0 Plays Today
# of Teams Nickname % Correct
13Tigers
86.7%
10Wildcats
76.6%
7Bears
73.6%
14Bulldogs
65.8%
10Eagles
63.1%
4Hawks
42.5%
5Spartans
40.2%
5Huskies
38.7%
# of Teams Nickname % Correct
7Panthers
37.1%
6Cougars
36.4%
5Aggies
28.4%
4Owls
15%
4Rams
14.5%
4Bobcats
14.1%
4Golden Eagles
7.7%
4Bisons
4.9%

You're not logged in!

Compare scores with friends on all Sporcle quizzes.
OR
Log In
Forgot?

From the Vault

Lord of the Rings Top 20 Minefield

by 12bball

Ah, we face off at last, Mr. Tolkien.
Remove Ads.
Support Sporcle.
Get the best of Sporcle when you Go Orange. This ad-free experience offers more features, more stats, and more fun while also helping to support Sporcle. Thank you for becoming a member.

Show Comments

Extras

Top Quizzes Today


Score Distribution

Your Account Isn't Verified!

In order to create a playlist on Sporcle, you need to verify the email address you used during registration. Go to your Sporcle Settings to finish the process.

Report this User

Report this user for behavior that violates our Community Guidelines.

Details: